Sports Quiz

Random Sports or State Quiz
Score 0/128 Timer 15:00
0 Plays Today
% Correct
Jay Cutler
93.9%
Andy Dalton
93.9%
Peyton Manning
93.9%
Eli Manning
93.9%
A.J. Green
92.9%
Alex Green
91.9%
Steve Johnson
90.9%
D'Qwell Jackson
90.9%
Vincent Jackson
90.9%
Derrick Johnson
90.9%
Calvin Johnson
90.9%
Steven Jackson
90.9%
Andre Johnson
90.9%
Chris Johnson
90.9%
Alex Smith
89.9%
Steve Smith
89.9%
Matt Forte
87.9%
Philip Rivers
87.9%
Brandon Marshall
86.9%
Deymarius Thomas
86.9%
Tony Romo
86.9%
Josh Freeman
84.8%
Jerrell Freeman
84.8%
Matt Ryan
84.8%
Tom Brady
84.8%
Ryan Fitzpatrick
82.8%
Andrew Luck
82.8%
LeSean McCoy
82.8%
Ryan Tannehill
81.8%
Frank Gore
81.8%
Aaron Rodgers
81.8%
Carson Palmer
81.8%
Robert Griffin III
81.8%
Ben Jarvus Green-Ellis
80.8%
C.J. Spiller
80.8%
Larry Fitzgerald
80.8%
Jamaal Charles
80.8%
Michael Vick
80.8%
Matthew Stafford
80.8%
Cam Newton
80.8%
Cam Newton
80.8%
Joe Flacco
80.8%
Dez Bryant
79.8%
% Correct
Drew Brees
79.8%
DeMarco Murray
78.8%
Shonn Greene
78.8%
Russell Wilson
78.8%
Doug Martin
77.8%
Ray Rice
77.8%
Sidney Rice
77.8%
Trent Richardson
76.8%
Dwayne Bowe
76.8%
Marshawn Lynch
76.8%
Ben Roethlisberger
76.8%
Brandon Weeden
75.8%
Roddy White
75.8%
Mark Sanchez
75.8%
Reggie Wayne
74.7%
Maurice Jones-Drew
73.7%
Wes Welker
73.7%
Alfred Morris
73.7%
Adrian Peterson
73.7%
Ryan Mathews
72.7%
Matt Cassel
72.7%
Darren McFadden
71.7%
Matt Schaub
71.7%
Reggie Bush
70.7%
Michael Turner
70.7%
Sam Bradford
70.7%
Arian Foster
70.7%
Michael Crabtree
69.7%
Victor Cruz
69.7%
Chad Henne
69.7%
Christian Ponder
69.7%
Willis McGahee
68.7%
Ahmad Bradshaw
68.7%
Lance Briggs
67.7%
Anquan Boldin
67.7%
Marques Colston
66.7%
Kevin Kolb
65.7%
Mike Wallace
65.7%
Jeremy Maclin
64.6%
Steven Ridley
64.6%
Mark Ingram
64.6%
Jake Locker
64.6%
Randall Cobb
63.6%
% Correct
Pierre Garcon
63.6%
Josh Gordon
58.6%
Malcolm Floyd
58.6%
Brian Hartline
56.6%
Percy Harvin
56.6%
Daryl Washington
53.5%
Cecil Shorts
53.5%
Nate Washington
53.5%
Mikel Leshoure
51.5%
Vick Ballard
50.5%
LeRod Stephens-Howling
48.5%
David Harris
47.5%
Jonathon Dwyer
47.5%
Luke Kuechly
46.5%
Navarro Bowman
45.5%
Jeremy Kerley
45.5%
Jerod Mayo
45.5%
London Fletcher
42.4%
Vontaze Burfict
36.4%
Chad Greenway
36.4%
Chris Givens
33.3%
Brandon Myers
31.3%
Lavonte David
29.3%
Larry Foote
26.3%
Karlos Dansby
25.3%
Eric Weddle
23.2%
Chase Blackburn
23.2%
Paul Posluszny
22.2%
DeMeco Ryans
21.2%
Bobby Wagner
21.2%
Glover Quin Jr.
18.2%
Nick Barnett
17.2%
Wesley Woodyard
17.2%
Stephen Tulloch
17.2%
James Laurinaitis
16.2%
Curtis Lofton
16.2%
Anthony Spencer
15.2%
Morgan Burnett
15.2%
Bernard Pollard
8.1%
Akeem Ayers
6.1%
Stephen Nicholas
5.1%
Philip Wheeler
5.1%

You're not logged in!

Compare scores with friends on all Sporcle quizzes.
OR
Log In

Sporcle TV

Today on Sporcle TV


Watch our educational content, quiz creation guides, and fun videos on Sporcle TV.

Show Comments

Extras

Created Jan 7, 2013ReportNominate
Tags:NFL Quiz, State Quiz, Player, team

Top Quizzes Today


Score Distribution

Paid Content

Your Account Isn't Verified!

In order to create a playlist on Sporcle, you need to verify the email address you used during registration. Go to your Sporcle Settings to finish the process.

Report this User

Report this user for behavior that violates our Community Guidelines.

Details: